The state of agricultural commodity markets 2009: (Record no. 22400)

000 -LEADER
fixed length control field 00658nas a2200181 a 4500
020 ## - INTERNATIONAL STANDARD BOOK NUMBER
ISBN 9789251062807
040 ## - CATALOGING SOURCE
Transcribing agency FUG
082 ## - DEWEY DECIMAL CLASSIFICATION NUMBER
Classification number FAO THE 2009 C289 Or.
100 ## - MAIN ENTRY--AUTHOR NAME
Personal name Food and Agriculture Organization of the United Nations
245 04 - TITLE STATEMENT
Title The state of agricultural commodity markets 2009:
Remainder of title high food prices and the food crisis -- experiences and lessons learned
300 ## - PHYSICAL DESCRIPTION
Number of Pages volumes :
Other physical details color illustrations ;
Dimensions 30 cm
650 #0 - SUBJECT ADDED ENTRY--TOPICAL TERM
Topical Term Food industry and trade
650 #0 - SUBJECT ADDED ENTRY--TOPICAL TERM
Topical Term Food industry and trade
650 #0 - SUBJECT ADDED ENTRY--TOPICAL TERM
Topical Term Commodity exchanges
650 #0 - SUBJECT ADDED ENTRY--TOPICAL TERM
Topical Term Commodity exchanges
710 2# - ADDED ENTRY--CORPORATE NAME
Corporate name or jurisdiction name as entry element Food and Agriculture Organization of the United Nations.
942 ## - ADDED ENTRY ELEMENTS (KOHA)
Koha item type ADB
952 ## - LOCATION AND ITEM INFORMATION (KOHA)
Withdrawn status [LOCAL, KOHA] 0
Holdings
Permanent Location Date acquired Koha item type Lost status Shelving location Barcode Current Location Full call number
Library Block C2023-12-13ADB C289rua056351Library Block CFAO THE 2009 C289 Or.
មជ្ឈមណ្ឌលឯការនៃសាកលវិទ្យាល័យភូមិន្ទកសិកម្មចំការដូង

Powered by Koha